Music Quiz

Random Music or Decade Quiz
Score 0/100 Timer 10:00
0 Plays Today
Year Song % Correct
2003Hey Ya!
77.6%
2004Hey Ya!
77.5%
2012Call Me Maybe
71.8%
2006Crazy
56.7%
2012Gangnam Style
54.6%
2012Somebody That I Used To Know
51.7%
2008I Kissed a Girl
51.5%
2012We Are Young
51.3%
2009Poker Face
46.1%
2006Bad Day
43.9%
2007Hey There Delilah
43.9%
2011Rolling in the Deep
42.9%
2006Hips Don't Lie
41.8%
2007Umbrella
41%
2003Stacy's Mom
40.7%
2011Party Rock Anthem
40.1%
2008Viva La Vida
40%
2006How to Save a Life
39.4%
2003Lose Yourself
39.3%
2008Bleeding Love
37.2%
2011Someone Like You
36.4%
2005Hollaback Girl
36.4%
2011Pumped Up Kicks
36%
2003Clocks
35.9%
2006Sexy Back
35.8%
2006Chasing Cars
34.8%
2009Party in the U.S.A.
33.9%
2005Mr. Brightside
33.7%
2004She Will Be Loved
33.6%
2012Some Nights
33.1%
2010TiK ToK
33%
2011Sexy and I Know It
32.6%
2008I'm Yours
32.5%
2009Just Dance
32.2%
Year Song % Correct
2003Where Is the Love?
32.2%
2004Yeah!
32.1%
2010California Gurls
32%
2012Payphone
32%
2005Gold Digger
31.7%
2007Apologize
31.6%
2008Hot 'N' Cold
30.4%
2003Crazy in Love
30.3%
2009Boom Boom Pow
29.1%
2004This Love
28.6%
2003White Flag
28.6%
2006Ridin'
28.1%
2011Moves Like Jagger
27.6%
2007Big Girls Don't Cry
27.5%
2004The Reason
27.3%
2009Use Somebody
27.2%
2008Low
27.1%
2007Crank That (Soulja Boy)
27.1%
2012Starships
26.6%
2010Hey, Soul Sister
26.3%
2005My Humps
25.7%
20041985
25.4%
2007Girlfriend
25.3%
2009I Gotta Feeling
25.2%
2010Airplanes
25%
2005Feel Good, Inc.
24.6%
2005Boulevard of Broken Dreams
24.3%
2007Stronger
24.3%
2010Dynamite
24.1%
2006Dani California
23.6%
2005Beverly Hills
22.4%
2004Let's Get It Started
22.2%
2004Vertigo
20.9%
2010Just the Way You Are
20.7%
Year Song % Correct
2011We Found Love
20.6%
2011Born This Way
20.5%
2006Promiscuous
20%
2012Whistle
19.8%
2005Photograph
18.8%
2005Sugar, We're Goin' Down
18.7%
2008So What
18.3%
2009Gives You Hell
17.8%
2010Love the Way You Lie
17.8%
2006Over My Head (Cable Car)
17.6%
2009Down
17.6%
2012We Are Never Ever Getting Back Together
16.4%
2009Right Round
16.3%
2011On the Floor
15.6%
2004Over and Over
14.2%
2007The Sweet Escape
14.2%
20084 Minutes
13.7%
2008Disturbia
13.6%
2007Glamorous
13%
2010OMG
11%
2008Whatever You Like
10.8%
2009Whatcha Say
10%
2005Don't Phunk with My Heart
8.9%
2003The Way You Move
8.7%
2012Wild Ones
8.6%
2003It's My Life
8.5%
2007The Way I Are
8.3%
2010Only Girl (in the World)
7%
2010DJ Got Us Fallin' in Love
6.5%
2011Give Me Everything
6.2%
2004Just Lose It
5.2%
2003Fallen
2.6%

You're not logged in!

Compare scores with friends on all Sporcle quizzes.
OR
Log In

Sporcle TV

Today on Sporcle TV


Watch our educational content, quiz creation guides, and fun videos on Sporcle TV.

Show Comments

Extras

Top Quizzes Today


Score Distribution

Paid Content

Your Account Isn't Verified!

In order to create a playlist on Sporcle, you need to verify the email address you used during registration. Go to your Sporcle Settings to finish the process.

Report this User

Report this user for behavior that violates our Community Guidelines.

Details: